Storia sociale dei media. da Gutenberg a internet (Record n. 89811)

Dettagli MARC
000 -LEADER
fixed length control field 01991nam a2200337Ia 4500
001 - CONTROL NUMBER
control field H0804
003 - CONTROL NUMBER IDENTIFIER
control field IT-RoPAU
008 - FIXED-LENGTH DATA ELEMENTS--GENERAL INFORMATION
fixed length control field 130308s9999 xx 000 0 und d
040 ## - CATALOGING SOURCE
Original cataloging agency IT-RoPAU
040 ## - CATALOGING SOURCE
Transcribing agency IT-RoPAU
041 ## - LANGUAGE CODE
Language code of text/sound track or separate title ITALIANO
100 ## - MAIN ENTRY--PERSONAL NAME
Personal name Briggs Asa
100 ## - MAIN ENTRY--PERSONAL NAME
Miscellaneous information Codice Aut. SPICS: 44719
240 ## - UNIFORM TITLE
Uniform title A SOCIAL HISTORY OF THE MEDIA. FROM GUTENBERG to THE INTERNET
240 ## - UNIFORM TITLE
Miscellaneous information Codice Tit. Orig. Spics: T3308
245 ## - TITLE STATEMENT
Title Storia sociale dei media. da Gutenberg a internet
245 ## - TITLE STATEMENT
Remainder of title Storia Sociale dei Media. da Gutenberg a Internet
250 ## - EDITION STATEMENT
Edition statement 1a ed.
260 ## - PUBLICATION, DISTRIBUTION, ETC. (IMPRINT)
Place of publication, distribution, etc. BOLOGNA
260 ## - PUBLICATION, DISTRIBUTION, ETC. (IMPRINT)
Name of publisher, distributor, etc. Il Mulino
260 ## - PUBLICATION, DISTRIBUTION, ETC. (IMPRINT)
Date of publication, distribution, etc. 2002 [1° Ed.:2002 - Ed.Ling.Originale:2000]
300 ## - PHYSICAL DESCRIPTION
Extent "466 p. (prefazione: no ; testo: 466 [pagine: 0-0])"
500 ## - GENERAL NOTE
General note Rivoluzione della Stampa e suo Contesto: vie di Comunicazione, impero e Comunicazione, comunicazioni Transatlantiche, Comunicazione Orale e Scritta, Linguaggi della Comunicazione, Comunicazione visiva e Multimediale, Interazioni tra Media, censura e Comunicazione Clandestina, Avvento del Mercato, Storia della Lettura. Media e sfera Pubblica nell'Europa dell'Età moderna: Riforma, Guerre di Religione e Rivolta dei paesi Bassi, Illuminismo e Rivoluzione in Francia, tipologie della sfera Pubblica, commercio Inustria e Comunicazione. Dal Vapore All'Elettricità. Processi e Modelli: Ferrovie, Navi, Posta, Telegrafo, Telefoni, Radiofonia, Cinema e Televisione, Grammofoni.Informare, Educare, Intrattenere: Quarto Potere la Stampa, Età del Broadcasting, Età della Televisione, giudizi e Ricerche, Dinamiche del Mutamento, Società dell'Informazione. Convergenza: Computer, satelliti Artificiali,Cavo, Informazione Video, Internet. Conclusione: nel Ciberspazio? Cronologia. Bibliografia. indice dei Nomi.
650 ## - SUBJECT ADDED ENTRY--TOPICAL TERM
Topical term or geographic name as entry element STORIA DELLA COMUNICAZIONE SOCIALE
650 ## - SUBJECT ADDED ENTRY--TOPICAL TERM
Relator term Codice materia Spics: 3808
700 ## - ADDED ENTRY--PERSONAL NAME
Personal name Burke Peter
700 ## - ADDED ENTRY--PERSONAL NAME
Miscellaneous information Codice Aut. SPICS: 8685
942 ## - ADDED ENTRY ELEMENTS (KOHA)
Koha item type LIBRO
957 ## -
-- 1
999 ## - SYSTEM CONTROL NUMBERS (KOHA)
-- 1
Dati di copia
Withdrawn status Lost status Damaged status Not for loan Home library Current library Date acquired Total Checkouts Full call number Date last seen Price effective from Koha item type Public note
    Buone Condizioni Not For Loan SPICS-MEDIATECA SPICS-MEDIATECA 08/03/2013   H0804 08/03/2013 08/03/2013 LIBRO Progressivo inserimento: 17565 / N. Volumi: 1 Copie: 1 / data import: 1 marzo 2013 - By Epidotti, Trombetti, Vaglietti.
CREDITS: SOCIETA' SAN PAOLO Via A.Severo, 58 - ROMA (RM) & PERIODICI SAN PAOLO SRL Via Giotto, 36 MILANO & CISF Via Giotto, 36 MILANO & EDIZIONI SAN PAOLO SRL,  Piazza Soncino, 5 CINISELLO BALSAMO (MI) -- ITALY